000 00453nam a22001697a 4500
003 OSt
005 20210917104726.0
008 210917b |||||||| |||| 00| 0 eng d
020 _a0-13-048030-4
040 _cHawassa University
050 _a595.7/ELZ
082 _26
_a595.7/ELZ
100 _aElzinga, Richard J.
_94730
245 _aFundamentals of Entomology
260 _aNew Jersey
_bUpper Saddle River Printice-Hall
_c2004
942 _2ddc
_cBOOKS
_n0
999 _c4733
_d4733